Das Archiv und sein Inhalt

Titel: Das Archiv und sein Inhalt
Verfasser:
In: ˜Einœ Kleid aus Noten, (2014), Seite 155-158
alle Artikel anzeigen
Veröffentlicht: 2014
Format: Aufsatz
Kein Bild verfügbar
X
alg: 44206655
001A    $03036:30-01-19 
001B    $01999:31-01-19 $t19:18:35.000 
001D    $03036:30-01-19 
001U    $0utf8 
001X    $00 
002@    $0Aox    
003@    $0442066554 
007A    $0442066554 $aHEB 
007T    $0ArchMa25203 
011@    $a2014 
021A    $aDas @Archiv und sein Inhalt 
028A    $aScheurer $dJaronas 
031A    $h155-158 $j2014 
039B    $aIn $8--Aau--. Ein @Kleid aus Noten. - Basel : Schwabe, 2014. - 245 S.. - zahlr. Ill.. - ISBN 3-7965-3323-X $x201400000000000845 $9350041261 

lok: 44206655 105

exp: 44206655 105 1 #EPN
201B/01 $030-01-19 $t16:14:41.000 
201C/01 $030-01-19 
201U/01 $0utf8 
203@/01 $01042456526 
208@/01 $a13-12-18 $be 
209A/01 $a/ $f106 $x00 
244Z/01 $aBasel $x01 
245Z/01 $a4.12.02. $bArchivwesen Europas / Schweiz, Liechtenstein / Archive und Archivbestände $x01 
247C/01 $8->Marburg, Bibliographie zum Archivwesen der Archivschule Marburg $939588196X
LEADER 00000caa a22000002c 4500
001 442066554
003 DE-603
005 20190131191835.0
007 tu
008 190130s2014 xx |||| | u00||u|und c
035 |a (DE-599)HEB442066554 
040 |a DE-603  |b ger  |c DE-603  |d DE-603 
100 1 |a Scheurer, Jaronas 
245 0 0 |a ˜Dasœ Archiv und sein Inhalt 
264 0 |c 2014 
773 0 8 |i In  |t ˜Einœ Kleid aus Noten  |d Basel : Schwabe, 2014  |h 245 S., zahlr. Ill.  |z 379653323X  |z 9783796533235  |g (2014), Seite 155-158  |w (DE-603)350041261 
924 0 |9 -  |a (DE-603)1042456526  |b DE-  |c HES  |d d  |g /